000 00743cab a2200253 4500
001 WB3517-02
008 090401t1999 xxu||||| |||| 00| 0 eng d
035 _a(Sirsi) u93143
041 _aeng
245 _aScottish boom
260 _c1999
350 _a0
490 _aSunday Business
_v2 May 1999, 7(1)
520 _aExamines the effect devolution is having on the Scottish commercial property market particularly the Edinburgh office market.
650 _aABERDEEN
650 _aDEVOLUTION
650 _aEDINBURGH
650 _aGLASGOW
650 _aPROPERTY-COMMERCIAL PROPERTY-OFFICE PROPERTY-OFFICE PROPERTY MARKET
650 _aSCOTLAND
690 _aPROPERTY-COMMERCIAL PROPERTY
942 _n0
948 _c05/05/1999
999 _c59028
_d59028